[Event "Lisbon Chess Tournament Winter 2011"]
[Site "SchemingMind.com"]
[Date "2011.01.11"]
[Round "-"]
[White "keen"]
[Black "Jan.Kaleta"]
[Result "1-0"]
[WhiteCountry "SCO"]
[BlackCountry "ENG"]
[WhiteElo "1707"]
[WhiteRD "59"]
[BlackElo "1520"]
[BlackRD "191"]
[GameID "272702"]

1. f4 d5 2. Nf3 Nc6 3. e3 f6 4. b3 e5 5. Bb2 e4 6. Nd4 g5 7. Qh5+ Ke7 8. Ba3+ Kd7 9. Qf7+ Qe7 10. Bxe7 Bxe7
11. Qxd5+ Bd6 12. Qf7+ Be7 13. Qg7 Nb4 14. Qxh8 Nxc2+ 15. Nxc2 f5 16. Qxg8 h6 17. Nd4 Kd6 18. Nxf5+ Kd7 19. Qf7 Kd8 20. Qxe7#
1-0

[Event "Lisbon Chess Tournament Winter 2011"]
[Site "SchemingMind.com"]
[Date "2011.01.11"]
[Round "-"]
[White "Jan.Kaleta"]
[Black "keen"]
[Result "0-1"]
[WhiteCountry "ENG"]
[BlackCountry "SCO"]
[WhiteElo "1499"]
[WhiteRD "142"]
[BlackElo "1713"]
[BlackRD "59"]
[GameID "272706"]

1. e4 e6 2. e5 d5 3. d4 c5 4. c3 Nc6 5. Nf3 Qb6 6. Be3 Bd7 7. a3 c4 8. Nbd2 Qxb2 9. Nxc4 dxc4 10. Bxc4 Qxc3+
11. Nd2 Nge7 12. a4 Nf5 13. Qc1 Qa5 14. g4 Nfxd4 15. Bxd4 Nxd4 16. f4 Bb4 17. Ra2 Rc8 18. Qb2 Nf3+ 19. Ke2 Nxd2 20. Qxd2 Bxd2
21. Rxd2 Rxc4 22. Rhd1 Qxa4 23. f5 Rxg4 24. Rxd7 Qxd7 25. Rxd7 Kxd7 26. f6 gxf6 27. exf6 Rc8 28. Kf3 Rcc4 29. h3 Rgf4+ 30. Kg3 Rfd4
31. Kf3 Rc3+ 32. Ke2 Ra4 33. Kd2 Rxh3 34. Kc2 Ra2+ 35. Kb1 Rg2 36. Ka1 Rh1#
0-1

[Event "Lisbon Chess Tournament Winter 2011"]
[Site "SchemingMind.com"]
[Date "2011.01.11"]
[Round "-"]
[White "andrzeyf"]
[Black "keen"]
[Result "1-0"]
[WhiteCountry "POL"]
[BlackCountry "SCO"]
[WhiteElo "1805"]
[WhiteRD "97"]
[BlackElo "1696"]
[BlackRD "57"]
[GameID "272751"]

1. d4 Nf6 2. c4 e6 3. Nc3 Bb4 4. e3 b6 5. Ne2 Bb7 6. a3 Be7 7. d5 O-O 8. e4 d6 9. g3 Nbd7 10. dxe6 fxe6
11. f3 Ne8 12. Bg2 Ne5 13. Nd4 Qd7 14. b3 Nf6 15. Bh3 Kh8 16. Bxe6 Qd8 17. Bh3 Bc8 18. Ne6 Bxe6 19. Bxe6 Nfd7 20. O-O Nc5
21. Bh3 Ned3 22. Be3 Bf6 23. Qc2 Ne5 24. Rad1 c6 25. f4 Ned7 26. Rxd6 Qc7 27. e5 Be7 28. Rd2 Rad8 29. b4 Nb7 30. Rfd1 Nb8
31. Rxd8 Rxd8 32. Rd3 h6 33. Qd2 Nd7 34. Bxd7
1-0

[Event "Lisbon Chess Tournament Winter 2011"]
[Site "SchemingMind.com"]
[Date "2011.01.13"]
[Round "-"]
[White "andrzeyf"]
[Black "Jan.Kaleta"]
[Result "0-1"]
[WhiteCountry "POL"]
[BlackCountry "ENG"]
[WhiteElo "1584"]
[WhiteRD "75"]
[BlackElo "1615"]
[BlackRD "132"]
[GameID "272754"]

1. d4 Nc6 2. c4 e6 3. e4 Qe7 4. Nc3 f5 5. Nf3 fxe4 6. Nxe4 e5 7. d5 Nb4 8. a3 b6 9. axb4 Qxb4+ 10. Qd2 a5
11. Qxb4 Bxb4+ 12. Bd2 Bxd2+ 13. Kxd2 Ne7 14. Nxe5 d6 15. Nc6 Nxc6 16. dxc6 O-O 17. f3 Ba6 18. b3 Rab8 19. Bd3 b5 20. Rxa5 Ra8
21. cxb5 Bxb5 22. Rxb5 Ra6 23. Rc1 Rfa8 24. Rb7 Ra2+ 25. Rc2 R2a7 26. Rxa7 Rxa7
0-1

[Event "Lisbon Chess Tournament Winter 2011"]
[Site "SchemingMind.com"]
[Date "2011.01.12"]
[Round "-"]
[White "keen"]
[Black "andrzeyf"]
[Result "0-1"]
[WhiteCountry "SCO"]
[BlackCountry "POL"]
[WhiteElo "1713"]
[WhiteRD "59"]
[BlackElo "1699"]
[BlackRD "110"]
[GameID "272756"]

1. f4 d5 2. Nf3 Nf6 3. e3 Bg4 4. h3 Bxf3 5. Qxf3 Nbd7 6. g4 c6 7. g5 Ne4 8. d3 Qa5+ 9. c3 Nd6 10. Bd2 Qb6
11. b3 h6 12. Qg4 hxg5 13. Qxg5 g6 14. Be2 Bg7 15. h4 Bf6 16. Qg3 Nf5 17. Qg1 Rxh4 18. Rxh4 Bxh4+ 19. Kd1 O-O-O 20. Na3 Bf6
21. Kc2 Rh8 22. Bf3 Rh3 23. Qg2 Rh8 24. d4 Nh4 25. Qg4 Nxf3 26. Qxf3 e6 27. Rh1 Qd8 28. Rg1 Be7 29. Nb1 Nf6 30. Rh1 Ne4
31. Qg2 Qg8 32. Qg1 Rh7 33. Kd3 Rxh1 34. Qxh1 Nf2+
0-1

[Event "Lisbon Chess Tournament Winter 2011"]
[Site "SchemingMind.com"]
[Date "2011.01.14"]
[Round "-"]
[White "Jan.Kaleta"]
[Black "andrzeyf"]
[Result "1-0"]
[WhiteCountry "ENG"]
[BlackCountry "POL"]
[WhiteElo "1615"]
[WhiteRD "132"]
[BlackElo "1584"]
[BlackRD "75"]
[GameID "272759"]

1. e4 e5 2. Nf3 Nc6 3. Nc3 Nf6 4. d4 exd4 5. Nxd4 Bb4 6. a3 Bxc3+ 7. bxc3 O-O 8. f3 Ne5 9. Qe2 d6 10. g3 Be6
11. f4 Bg4 12. Qf2 Nxe4 13. Qe3 Nf3+ 14. Nxf3 Re8 15. Rg1 Bxf3 16. Qxf3 Ng5+ 17. Qe3 Rxe3+ 18. Bxe3 Nf3+ 19. Kf2 Nxg1 20. Kxg1 Qe8
21. Re1 Qa4 22. Bd3 Qxa3 23. c4 a5 24. Rb1
1-0

[Event "Lisbon Chess Tournament Winter 2011"]
[Site "SchemingMind.com"]
[Date "2011.01.13"]
[Round "-"]
[White "dadcando"]
[Black "keen"]
[Result "1-0"]
[WhiteCountry "USA"]
[BlackCountry "SCO"]
[WhiteElo "1735"]
[WhiteRD "90"]
[BlackElo "1713"]
[BlackRD "59"]
[GameID "272910"]

1. e4 e6 2. d4 d5 3. Nc3 Nf6 4. e5 Nfd7 5. Nf3 c5 6. Bb5 Nc6 7. O-O cxd4 8. Nxd4 Ncxe5 9. Qe2 Bc5 10. Qxe5 O-O
11. Bxd7 Bxd7 12. Nf3 f6 13. Qg3 Rf7 14. a4 Qb6 15. a5 Qd8 16. Be3 Bb4 17. a6 Bc6 18. Qh4 e5 19. Qxb4 d4 20. Rfd1 Bxf3
21. gxf3 b6 22. f4 Qc7 23. Nd5 Qxc2 24. Ne7+ Rxe7 25. Qxe7 dxe3 26. Rd8+ Rxd8 27. Qxd8+ Kf7 28. Qd7+ Kg6 29. fxe3 Qe2 30. fxe5 Qxe3+
31. Kf1 Qf3+ 32. Kg1 Qe3+ 33. Kg2 Qe2+ 34. Kh1 Qf3+ 35. Kg1 Qe3+ 36. Kf1 Qf3+ 37. Kg1 Qe3+ 38. Kg2 Qe2+ 39. Kg3 Qe3+ 40. Kg2 Qe2+
41. Kg1 Qe3+ 42. Kh1 Qf3+ 43. Kg1 Qe3+ 44. Kf1 Qf3+ 45. Ke1 Qh1+ 46. Kd2 Qxa1 47. Qg4+ Kf7 48. Qc4+ Kg6 49. Qg4+ Kf7 50. e6+ Ke8
51. Qh5+ Ke7 52. Qf7+ Kd6 53. Qd7+ Ke5 54. Kc2 Qxa6 55. e7 Qe2+ 56. Qd2 Qe4+ 57. Kb3
1-0

[Event "Lisbon Chess Tournament Winter 2011"]
[Site "SchemingMind.com"]
[Date "2011.01.13"]
[Round "-"]
[White "dadcando"]
[Black "andrzeyf"]
[Result "0-1"]
[WhiteCountry "USA"]
[BlackCountry "POL"]
[WhiteElo "1643"]
[WhiteRD "79"]
[BlackElo "1805"]
[BlackRD "97"]
[GameID "272912"]

1. e4 c6 2. d4 d5 3. Nc3 dxe4 4. Nxe4 Bf5 5. Ng3 Bg6 6. Nf3 Nd7 7. Bd3 Ngf6 8. Bxg6 hxg6 9. c4 e6 10. Bg5 Bb4+
11. Bd2 Qa5 12. O-O O-O 13. a3 Bxd2 14. Nxd2 Qb6 15. Nb3 e5 16. c5 Qb5 17. Re1 exd4 18. Nxd4 Qxc5 19. h3 Rfe8 20. Re2 Rxe2
21. Ndxe2 Re8 22. Rc1 Qd5 23. Qxd5 Nxd5 24. b4 a6 25. Nc3 Nxc3 26. Rxc3 Nf6 27. f3 Rc8 28. Ne4 Nxe4 29. fxe4 Kf8 30. Kf2 Ke7
31. Ke3 b6 32. g4 c5 33. bxc5 bxc5 34. e5 Ke6 35. Ke4 g5 36. a4 a5 37. Rc4 g6 38. Rc3 c4 39. Kd4 Rc6 40. Rxc4 Rxc4+
41. Kxc4 Kxe5 42. Kb5 f5 43. Kxa5 f4 44. Kb6 f3 45. a5 f2 46. a6 f1=Q 47. a7 Qf3 48. Kc7 Qa8 49. Kb6 Kd5 50. Ka6 Kc6
51. h4 Qb7+ 52. Ka5 Qb5#
0-1

[Event "Lisbon Chess Tournament Winter 2011"]
[Site "SchemingMind.com"]
[Date "2011.01.13"]
[Round "-"]
[White "dadcando"]
[Black "Jan.Kaleta"]
[Result "1-0"]
[WhiteCountry "USA"]
[BlackCountry "ENG"]
[WhiteElo "1735"]
[WhiteRD "90"]
[BlackElo "1499"]
[BlackRD "142"]
[GameID "272914"]

1. e4 Nf6 2. Nc3 e5 3. d4 d5 4. dxe5 Nxe4 5. Nxe4 dxe4 6. Qxd8+ Kxd8 7. Bf4 f6 8. O-O-O+ Nd7 9. e6 g5 10. exd7 Bxd7
11. Be3 h6 12. f4 gxf4 13. Bxf4 c5 14. Bb5 Rh7 15. Bd6 Be7 16. Bf4 a6 17. Bxd7 Rc8 18. Bf5+ Ke8 19. Bxc8 b5 20. Bd7+ Kf8
21. Bd6 c4 22. Bf5 Rg7 23. Bf4 Rxg2 24. Bxh6+ Kf7 25. h4 Rf2 26. Bc8 b4 27. Nh3 Rg2 28. Rhg1 Rg6 29. Be6+ Kxe6 30. Rxg6 c3
31. Nf4+ Kf5 32. Rd5#
1-0

[Event "Lisbon Chess Tournament Winter 2011"]
[Site "SchemingMind.com"]
[Date "2011.01.13"]
[Round "-"]
[White "keen"]
[Black "dadcando"]
[Result "1-0"]
[WhiteCountry "SCO"]
[BlackCountry "USA"]
[WhiteElo "1713"]
[WhiteRD "59"]
[BlackElo "1735"]
[BlackRD "90"]
[GameID "272916"]

1. f4 c5 2. Nf3 Nf6 3. d3 d5 4. e3 g6 5. b3 Bg7 6. Bb2 O-O 7. Be2 Ng4 8. Bxg7 Kxg7 9. Qd2 Nc6 10. h3 Nf6
11. g4 h5 12. Ng5 d4 13. e4 e5 14. Na3 Rh8 15. O-O-O Qa5 16. Qxa5 Nxa5 17. f5 Bd7 18. Nf3 Rae8 19. g5 Nh7 20. f6+ Kf8
21. Rdg1 Re6 22. Nh4 Nxf6 23. gxf6 Rxf6 24. Nf3 Nc6 25. Nc4 Nb4 26. Kb2 Nc6 27. Rg5 Be6 28. Ncxe5 Nxe5 29. Rxe5 b6 30. Ng5 Rf2
31. Nxe6+ fxe6 32. Rf1 Rxf1 33. Bxf1 Ke7 34. h4 Rf8 35. Bh3 Rf6 36. Ka3 Kd6 37. Rg5 Rf3 38. Bxe6 Kxe6 39. Rxg6+ Rf6 40. Rg7 Rf7
41. Rg5 Rf2 42. Kb2 Rh2 43. Rxh5 Rf2 44. Rd5 Rf7 45. h5 a6 46. h6 Rh7 47. Rh5 Kf6 48. Rh2 Kg6 49. Ka3 Rxh6 50. Rxh6+ Kxh6
51. b4 c4 52. Kb2 b5 53. dxc4 bxc4 54. a4 Kg6 55. b5 axb5 56. axb5 Kf6 57. b6 c3+ 58. Kc1 Ke5 59. b7
1-0

[Event "Lisbon Chess Tournament Winter 2011"]
[Site "SchemingMind.com"]
[Date "2011.01.13"]
[Round "-"]
[White "andrzeyf"]
[Black "dadcando"]
[Result "1-0"]
[WhiteCountry "POL"]
[BlackCountry "USA"]
[WhiteElo "1805"]
[WhiteRD "97"]
[BlackElo "1643"]
[BlackRD "79"]
[GameID "272918"]

1. d4 d5 2. c4 Nf6 3. cxd5 Nxd5 4. e4 Nf6 5. Nc3 e6 6. a3 Nc6 7. Nf3 Be7 8. Bc4 O-O 9. O-O Na5 10. Ba2 b6
11. b4 Ba6 12. bxa5 Bxf1 13. Kxf1 bxa5 14. Qa4 c5 15. d5 exd5 16. e5 Ng4 17. Qxg4 h6 18. Nxd5 f5 19. Nxe7+ Kh8 20. Ng6+ Kh7
21. Nxf8+ Kh8 22. Qxf5 Qd1+ 23. Ne1
1-0

[Event "Lisbon Chess Tournament Winter 2011"]
[Site "SchemingMind.com"]
[Date "2011.01.13"]
[Round "-"]
[White "Jan.Kaleta"]
[Black "dadcando"]
[Result "0-1"]
[WhiteCountry "ENG"]
[BlackCountry "USA"]
[WhiteElo "1499"]
[WhiteRD "142"]
[BlackElo "1735"]
[BlackRD "90"]
[GameID "272920"]

1. e4 c5 2. Nf3 Nc6 3. d4 d5 4. exd5 Qxd5 5. dxc5 Qxc5 6. Be3 Qd6 7. c4 Qxd1+ 8. Kxd1 Bg4 9. Nc3 O-O-O+ 10. Bd2 Bxf3+
11. gxf3 e5 12. a4 Bc5 13. Ne4 Bb4 14. b3 Nf6 15. f4 exf4 16. f3 Nxe4 17. fxe4 Bxd2 18. Ra2 Bb4+ 19. Kc1 Nd4 20. Rb2 Ba3
21. Bh3+ Kb8 22. b4 Ne2+ 23. Kc2 Bxb2 24. Kxb2 Rd2+ 25. Ka3 Rd3+ 26. Kb2 Rhd8 27. Re1 Rd2+ 28. Kb1 Nc3+ 29. Kc1 Rxh2 30. Bf5 Rdd2
31. Bg4 Rc2#
0-1